00422nam a22001097a 4500020002200000084002600022100002000048245011800068260003000186300001900216650007700235 a978-979-799-181-4 a173-0325 TYA His Bo.1 aHargyaning Tyas aStudi Kebijakan Pertahanan: Problematika Pengelolaan Keamanan dan Pertahanan di Wilayah Konflik ( Aceh dan Papua) aJakartabLIPI Pressc2007 ai-vi + 193 hlm aHistory (Sejarah)eH-I-SvPertahanan di Wilayah Konflik (Aceh dan Papua)